Govt. of
Madhya Pradesh

Encyclopaedia Of Status And Empowerment Of Women In India Volume 2 (Record no. 15921)

MARC details
000 -LEADER
fixed length control field 003960000a22001570004500
001 - CONTROL NUMBER
control field 004029
003 - CONTROL NUMBER IDENTIFIER
control field MACL
040 ## - CATALOGING SOURCE
Original cataloging agency MACL
090 ## - LOCALLY ASSIGNED LC-TYPE CALL NUMBER (OCLC); LOCAL CALL NUMBER (RLIN)
-- 16022
-- 16021
100 ## - MAIN ENTRY--PERSONAL NAME
Personal name Pruthi, Raj Kumar
245 ## - TITLE STATEMENT
Title Encyclopaedia Of Status And Empowerment Of Women In India Volume 2
Statement of responsibility, etc. Raj Kumar Pruthi
260 ## - PUBLICATION, DISTRIBUTION, ETC. (IMPRINT)
Place of publication, distribution, etc. Saurabh Communications,
Date of publication, distribution, etc. 2002
350 ## - PRICE (NR) (BK AM CF MU VM SE) [OBSOLETE]
Price 275
650 ## - SUBJECT ADDED ENTRY--TOPICAL TERM
Topical term or geographic name as entry element Encyclopedia
942 ## - ADDED ENTRY ELEMENTS (KOHA)
Call number prefix 31
Koha item type Library Membar
Holdings
Withdrawn status Lost status Source of classification or shelving scheme Damaged status Not for loan Home library Current library Date acquired Cost, normal purchase price Total Checkouts Full call number Barcode Date last seen Uniform Resource Identifier Price effective from Koha item type
          MACL MACL 15/04/2015 275.00   030.8 PRU-3 CRE014177 02/05/2024 15824 15/04/2015 Books